Paroles de Paradis - Orelsan - Statistiques

Statistiques générales
  • Ce quiz a été pris 1 198 fois
    981 depuis la dernière actualisation
  • Le résultat moyen est 263 sur 362
Statistiques - réponses
% Correct
A
99%
À
99%
Paradis
99%
Que
99%
De
98%
Tu
98%
Au
97%
Faire
97%
Le
97%
Je
96%
Moi
96%
Quand
96%
Pas
95%
Pres
94%
Près
94%
Qui
94%
J'irais
93%
N'en
93%
Qu'est-ce
92%
T'endors
92%
D'autres
91%
Donne
91%
En
91%
Voudrais
91%
Qu'il
90%
Ces
88%
Les
88%
Pour
88%
Se
87%
Un
86%
La
85%
Me
85%
Ma
84%
Amour
83%
Rien
82%
Ta
82%
Tous
82%
Ca
81%
Ça
81%
Comme
80%
Connais
80%
Jours
80%
Si
80%
Des
79%
Ils
79%
N'y
79%
Connaissent
78%
Connards
77%
Est
77%
Fait
77%
Plus
77%
Toi
77%
Disent
76%
Et
76%
Du
75%
Faut
75%
Couple
74%
J'ai
74%
C'est
72%
On
72%
Deux
71%
Mes
71%
Toujours
71%
L'entretenir
70%
N'a
70%
Sur
70%
Toutes
70%
Dans
69%
J'avais
69%
Mon
69%
Nos
69%
Tes
69%
Douté
68%
Effort
68%
Enfin
68%
Poids
68%
Vie
68%
Prends
67%
Tenir
67%
Mienne
66%
Parce
66%
Ans
65%
Enfants
65%
Qu'on
65%
Depuis
64%
Même
64%
Ensemble
63%
Famille
63%
Jamais
63%
Main
63%
Semaines
63%
Sont
63%
Avoir
62%
Baises
62%
J'devais
62%
T'aime
62%
T'ecouter
62%
Trouver
62%
Sort
61%
Tête
61%
Defauts
60%
Deja
60%
Épaule
60%
Epaule
60%
Tienne
60%
Doutes
59%
J'arrive
59%
Sept
59%
Metissés
58%
Aux
57%
D'avoir
57%
Diable
57%
D'pris
57%
J'aimerais
57%
Maintenant
57%
Notre
57%
Premiers
57%
Bord
56%
Devrais
56%
Route
56%
T'inquietes
56%
L'envie
54%
Nazis
54%
Pourquoi
54%
Chiennes
53%
Donneront
53%
Heures
53%
Nous
53%
53%
Seule
53%
Bougé
52%
P'tit
52%
Va
51%
Verité
51%
Peine
50%
Yeux
50%
Abandonné
48%
Calmer
48%
Cette
48%
J'te
48%
Taffais
48%
Dire
47%
J'comprends
47%
Maximonstres
47%
Névroses
47%
Mort
46%
Rester
46%
Dit
45%
J'me
45%
Prêtre
45%
Ridicules
45%
Sens
45%
Serais
45%
Vieux
45%
Béni
44%
Dormira
44%
Sépare
44%
Surnoms
44%
Assez
43%
Blagues
43%
Choses
43%
Cotés
43%
D'alcool
43%
Déguisés
43%
Imbibés
43%
L'église
43%
Nulles
43%
Chopper
42%
Donnait
42%
Empilés
42%
Zero
42%
Compte
41%
Déchirés
41%
Oublie
41%
Y'a
41%
Clopes
40%
Fumer
40%
Salon
40%
Vraies
39%
Fripés
38%
J'repartais
38%
Milieu
38%
T'emmener
38%
Qu'ća
37%
Questions
37%
Ennemi
36%
L'temps
36%
Reponse
36%
S'endort
36%
Soirées
36%
Aura
35%
L'truc
35%
M'rappeler
35%
Plein
35%
D'enfants
34%
T'marrais
34%
Danser
33%
N'est
30%
S'rappellera
30%
Faisait
28%
Poser
23%
J'vais
22%
Pouvoir
22%
Aucun quiz correspondant
Distribution des résultats
% des personnes avec chaque résultat
Percentile par nombre de réponses
Votre historique - résultats
Vous n’avez pas pris ce quiz depuis la dernière actualisation